Statistics for Flag Coloring Book Puzzle #1

Click here to take the quiz!

General Stats

  • This quiz has been taken 41,741 times
  • The average score is 4 of 6

Answers on the Map

Answers color-coded by a green-red scale on the quiz's map according to % correct below.
Loading ...
 

Answer Stats

Answer% Correct
White
80%
Red
66%
Green
65%
Black
63%
Yellow
61%
Blue
57%

Score Distribution

Percentile by Number Answered

Percent of People with Each Score

Your Score History

You have not taken this quiz